La cesión del contrato / (Record no. 24158)

MARC details
000 -LEADER
campo de control de longitud fija 00493nam a2200157 i 4500
001 - NÚMERO DE CONTROL
campo de control 24158
003 - IDENTIFICADOR DE NÚMERO DE CONTROL
campo de control ES-MaACL
007 - CAMPO FIJO DE DESCRIPCIÓN FÍSICA--INFORMACIÓN GENERAL
campo de control de longitud fija t|
008 - DATOS DE LONGITUD FIJA--INFORMACIÓN GENERAL
campo de control de longitud fija 021216s1956 sp ||||1| spa d
100 1# - ENTRADA PRINCIPAL--NOMBRE DE PERSONA
Nombre de persona Andreoli, M.
9 (RLIN) 21565
245 13 - MENCIÓN DEL TÍTULO
Título La cesión del contrato /
Mención de responsabilidad, etc. M. Andreoli ; traducida por Francisco Javier Osset.
260 ## - PUBLICACIÓN, DISTRIBUCIÓN, ETC.
Lugar de publicación, distribución, etc. Madrid :
Nombre del editor, distribuidor, etc. Editorial Revista de Derecho Privado,
Fecha de publicación, distribución, etc. [1956]
300 ## - DESCRIPCIÓN FÍSICA
Extensión 192 p. ;
Dimensiones 23 cm.
700 1# - ENTRADA AGREGADA--NOMBRE PERSONAL
Nombre de persona Osset, Francisco Javier.
9 (RLIN) 87784
852 ## - LOCALIZACIÓN
Ubicación ES-MaACL
Número de control de estantería C-9883
Sublocalización o colección R.38421
Holdings
Estatus retirado Estado de pérdida Estado de daño No para préstamo Biblioteca de origen Biblioteca actual Ubicación en estantería Fecha de adquisición Fuente de adquisición Total de préstamos Signatura topográfica completa Código de barras Visto por última vez Precio de reemplazo Tipo de ítem Koha
        Biblioteca del Ateneo de Madrid Biblioteca del Ateneo de Madrid Sala Palomar 17/01/2008     C-9883 1024901 23/02/2023 23/02/2023 Libro impreso